Every NBA All-Star Ever - Statistics

General Stats
  • This quiz has been taken 7,476 times
    581 since last reset
  • The average score is 217 of 465
Answer Stats
Recent Year Team(s) Player % Correct
1989 Bucks, Lakers Kareem Abdul-Jabbar
96%
2026 Bucks Giannis Antetokounmpo
89%
2026 Cavaliers, Heat, Lakers LeBron James
89%
2003 Bulls, Wizards Michael Jordan
89%
2017 Clippers DeAndre Jordan
88%
2022 Cavaliers Jarrett Allen
86%
1992 Lakers Magic Johnson
86%
2011 Bucks, SuperSonics, Celtics Ray Allen
86%
2026 Warriors Steph Curry
86%
2009 Hornets David West
84%
2026 Pistons Jalen Duren
84%
2026 Celtics Jaylen Brown
84%
1974 Lakers Jerry West
84%
2016 Lakers Kobe Bryant
84%
2026 Nuggets Nikola Jokić
84%
2017 Nuggets, Knicks Carmelo Anthony
83%
2025 Trail Blazers, Bucks Damian Lillard
83%
1985 SuperSonics, Suns, Celtics Dennis Johnson
83%
1981 Hawks Eddie Johnson
83%
2026 Hawks Jalen Johnson
83%
2014 Hawks, Nets Joe Johnson
83%
2025 Cavaliers, Celtics, Nets, Mavericks Kyrie Irving
83%
1995 Hornets Larry Johnson
83%
2009 Magic, Lakers, Heat, Suns Shaquille O'Neal
83%
2025 Pelicans, Lakers, Mavericks Anthony Davis
82%
2001 Raptors Antonio Davis
82%
2004 Hornets Baron Davis
82%
1997 76ers, Suns, Rockets Charles Barkley
82%
2000 Pacers Dale Davis
82%
1971 Bullets Gus Johnson
82%
1972 Cavaliers John Johnson
82%
2026 Spurs, Raptors, Clippers Kawhi Leonard
82%
1994 Suns Kevin Johnson
82%
2019 Warriors Klay Thompson
82%
2026 Mavericks, Lakers Luka Dončić
82%
1986 Bucks, Clippers Marques Johnson
82%
1997 Bulls Scottie Pippen
82%
1988 Trail Blazers Steve Johnson
82%
1987 Suns Walter Davis
82%
1990 Lakers A.C. Green
81%
2024 Heat Bam Adebayo
81%
2022 Hornets, Clippers, Thunder, Suns Chris Paul
81%
2022 Warriors Draymond Green
81%
2025 Rockets, Nets, 76ers, Clippers James Harden
81%
1971 Knicks, Royals Johnny Green
81%
1987 76ers Julius Erving
81%
2002 Jazz Karl Malone
81%
1992 Celtics Larry Bird
81%
1989 Rockets, 76ers, Bullets, Hawks Moses Malone
81%
1984 Jazz Rickey Green
81%
2020 Thunder, Rockets Russell Westbrook
81%
2025 Hawks Trae Young
81%
1973 Warriors, 76ers, Lakers Wilt Chamberlain
81%
2010 76ers, Nuggets, Pistons, Grizzlies Allen Iverson
80%
2025 Thunder Jalen Williams
80%
2010 Mavericks, Suns, Nets Jason Kidd
80%
1987 Bullets Jeff Malone
80%
2013 Timberwolves, Celtics Kevin Garnett
80%
1969 Celtics Bill Russell
79%
1986 Nets Buck Williams
79%
2019 Nets D'Angelo Russell
79%
1983 Nuggets, SuperSonics David Thompson
79%
2012 Jazz, Nets Deron Williams
79%
2019 Mavericks Dirk Nowitzki
79%
1983 SuperSonics Gus Williams
79%
1998 Nets Jayson Williams
79%
2022 Bulls, Timberwolves, Heat Jimmy Butler
79%
2018 Wizards John Wall
79%
2009 Cavaliers Mo Williams
79%
2012 Mavericks, Suns Steve Nash
79%
1974 Cavaliers Austin Carr
78%
1979 Cavaliers Campy Russell
78%
2008 Wizards Caron Butler
78%
1972 Warriors Cazzie Russell
78%
2001 Spurs David Robinson
78%
2026 Suns Devin Booker
78%
2017 Celtics Isaiah Thomas
78%
1993 Pistons Isiah Thomas
78%
2026 Knicks Jalen Brunson
78%
2022 Hornets LaMelo Ball
78%
2024 Pacers, Thunder, Clippers Paul George
78%
1994 Trail Blazers Clifford Robinson
77%
2026 Jazz, Cavaliers Donovan Mitchell
77%
1970 Bucks Flynn Robinson
77%
2001 Bucks Glenn Robinson
77%
1957 Warriors Jack George
77%
1981 Jazz, Suns Truck Robinson
77%
2021 Wizards Bradley Beal
76%
1992 Pistons Dennis Rodman
76%
1994 Hawks, Clippers Dominique Wilkins
76%
2026 Thunder, Warriors, Nets, Suns, Rockets Kevin Durant
76%
1981 Cavaliers Mike Mitchell
76%
2015 Spurs Tim Duncan
76%
2023 Raptors, Bulls DeMar DeRozan
75%
2012 Bulls Derrick Rose
75%
2014 Magic, Lakers, Rockets Dwight Howard
75%
2019 Heat Dwyane Wade
75%
2024 76ers Joel Embiid
75%
1973 Hawks, SuperSonics, Cavaliers Lenny Wilkens
75%
2026 Thunder Shai Gilgeous-Alexander
75%
2014 Spurs Tony Parker
75%
2026 Timberwolves Anthony Edwards
74%
2026 Pistons Cade Cunningham
74%
2016 Raptors, Heat Chris Bosh
74%
2025 Celtics Jayson Tatum
74%
2000 Jazz John Stockton
74%
2007 Mavericks Josh Howard
74%
1996 Bullets Juwan Howard
74%
2026 Timberwolves, Knicks Karl-Anthony Towns
74%
2017 Grizzlies Marc Gasol
74%
1972 Royals, Bucks Oscar Robertson
74%
2016 Grizzlies, Lakers, Bulls Pau Gasol
74%
2012 Celtics Paul Pierce
74%
2007 Raptors, Nets Vince Carter
74%
1991 Spurs, Bucks Alvin Robertson
73%
2003 SuperSonics Gary Payton
73%
2025 Grizzlies Jaren Jackson Jr.
73%
1991 Bucks, SuperSonics Ricky Pierce
73%
2006 Pistons Ben Wallace
72%
2019 Clippers, Pistons Blake Griffin
72%
2004 Pacers, Kings Brad Miller
72%
2022 Spurs Dejounte Murray
72%
2026 Nuggets Jamal Murray
72%
2008 Trail Blazers, Pistons Rasheed Wallace
72%
2000 Pacers Reggie Miller
72%
2026 Raptors Scottie Barnes
72%
1966 Royals Adrian Smith
71%
1972 76ers Billy Cunningham
71%
2010 Bobcats Gerald Wallace
71%
1997 Rockets Hakeem Olajuwon
71%
2011 Spurs Manu Ginóbili
71%
2024 Magic Paolo Banchero
71%
1977 Warriors Phil Smith
71%
1978 Braves Randy Smith
71%
1998 Hawks Steve Smith
71%
2019 Trail Blazers, Spurs LaMarcus Aldridge
70%
1997 Knicks Patrick Ewing
70%
2022 Jazz Rudy Gobert
70%
2007 Magic, Rockets Tracy McGrady
70%
2025 Heat Tyler Herro
70%
2003 Celtics Antoine Walker
69%
1963 Celtics Bob Cousy
69%
1974 76ers, Bulls Chet Walker
69%
2026 Kings, Spurs De'Aaron Fox
69%
1972 Pistons Jimmy Walker
69%
2020 Hornets, Celtics Kemba Walker
69%
2018 Timberwolves, Cavaliers Kevin Love
69%
1965 76ers Luke Jackson
69%
2024 Pacers Tyrese Haliburton
69%
2023 Pelicans Zion Williamson
69%
1973 Bulls Bob Love
68%
2023 Pacers, Kings Domantas Sabonis
68%
2007 Pacers Jemaine O'Neal
68%
2022 Bucks Khris Middleton
68%
2020 Raptors Kyle Lowry
68%
1989 Knicks Mark Jackson
68%
2026 Raptors, Pacers Pascal Siakam
68%
2026 Spurs Victor Wembanyama
68%
1965 Hawks Bob Pettit
67%
2002 Nuggets, Hawks, 76ers Dikembe Mutombo
67%
2011 Rockets Yao Ming
67%
2022 Bulls Zach LaVine
67%
2018 Hawks, Celtics Al Horford
66%
1997 Trail Blazers, Rockets Clyde Drexler
66%
2025 Cavaliers Evan Mobley
66%
2023 Grizzlies Ja Morant
66%
2011 Suns, Knicks Amar'e Stoudemire
65%
2013 Nets Brook Lopez
65%
2025 Cavaliers Darius Garland
65%
1977 Celtics Jo Jo White
65%
1991 Celtics Kevin McHale
65%
2026 76ers Tyrese Maxey
65%
2022 Warriors Andrew Wiggins
64%
1978 Trail Blazers Bill Walton
64%
2026 Pelicans, Raptors Brandon Ingram
64%
2010 Pistons, Nuggets Chauncey Billups
64%
1998 Magic Penny Hardaway
64%
1998 SuperSonics, Cavaliers Shawn Kemp
64%
1998 Warriors, Heat Tim Hardaway
64%
1975 Bullets Wes Unseld
64%
2002 Hornets, Heat Alonzo Mourning
63%
2026 Thunder Chet Holmgren
63%
2018 Kings, Pelicans DeMarcus Cousins
63%
2007 Wizards Gilbert Arenas
63%
2013 Celtics Rajon Rondo
63%
1991 Celtics Robert Parish
63%
2003 Bullets, Kings Chris Webber
62%
2000 Lakers, Hornets Eddie Jones
62%
2014 Bulls Joakim Noah
62%
2023 76ers, Bucks Jrue Holiday
62%
2015 Hawks Kyle Korver
62%
1982 Nuggets, 76ers Bobby Jones
61%
1970 Lakers Elgin Baylor
61%
2021 Jazz Mike Conley
61%
1968 Celtics Sam Jones
61%
1978 Warriors Rick Barry
60%
2026 Rockets Alperen Şengün
59%
1985 Spurs George Gervin
59%
1978 Celtics John Havlicek
59%
1978 Braves, Knicks Bob McAdoo
58%
1992 Lakers James Worthy
58%
2024 Knicks Julius Randle
58%
2018 Knicks Kristaps Porziņģis
58%
2023 Jazz Lauri Markkanen
58%
1971 Knicks Willis Reed
58%
2021 76ers Ben Simmons
57%
2026 Trail Blazers Deni Avdija
57%
2005 Pistons, Magic Grant Hill
57%
1995 Cavaliers Tyrone Hill
57%
1989 Nuggets Alex English
56%
1997 Pistons Joe Dumars
56%
1976 Knicks Walt Frazier
56%
1987 Pistons Bill Laimbeer
54%
1993 Warriors Chris Mullin
54%
1994 Bulls Horace Grant
54%
2004 Pacers Metta World Peace
54%
2021 Magic, Bulls Nikola Vučević
54%
2018 Pistons Andre Drummond
53%
1980 Rockets, Bullets Elvin Hayes
53%
2022 Raptors Fred VanVleet
53%
2015 Hawks Jeff Teague
53%
2017 Hawks Paul Millsap
53%
2012 76ers Andre Iguodala
52%
1991 Warriors, Knicks, Bullets Bernard King
52%
1968 Warriors Jim King
52%
2026 Heat Norman Powell
52%
1979 Hawks, Jazz Pete Maravich
52%
2008 Pistons Richard Hamilton
52%
2013 Grizzlies Zach Randolph
52%
2010 Trail Blazers Brandon Roy
51%
2004 Kings Peja Stojaković
51%
1968 Bulls Bob Boozer
50%
2008 Jazz Carlos Boozer
50%
1954 Lakers George Mikan
50%
1975 Lakers, Bucks Jim Price
50%
1994 Cavaliers Mark Price
50%
2007 Suns Shawn Marion
50%
2013 Knicks Tyson Chandler
50%
2019 Pacers Victor Oladipo
49%
2005 Cavaliers Žydrūnas Ilgauskas
49%
2009 Nets Devin Harris
48%
1988 Mavericks Mark Aguirre
48%
1968 Warriors Clyde Lee
47%
2013 Knicks, Warriors David Lee
47%
2013 Bulls Luol Deng
47%
2012 Lakers Andrew Bynum
46%
1986 Bulls, Spurs Artis Gilmore
46%
2018 Heat Goran Dragić
46%
2017 Jazz Gordon Hayward
46%
2001 Kings Vlade Divac
46%
2006 Clippers Elton Brand
45%
2004 Bucks Michael Redd
45%
1962 Warriors Paul Arizin
45%
1993 Trail Blazers Terry Porter
45%
2004 Timberwolves Sam Cassell
44%
1982 Kings, Celtics Tiny Archibald
44%
1998 Hornets Glen Rice
43%
2004 Jazz Andrei Kirilenko
42%
1980 Celtics Dave Cowens
42%
2014 Pacers Roy Hibbert
42%
2009 SuperSonics, Magic Rashard Lewis
41%
1992 Celtics Reggie Lewis
41%
1994 Knicks John Starks
40%
2004 Nets Kenyon Martin
40%
1959 Lakers, Knicks, Hawks Slater Martin
40%
1986 Jazz Adrian Dantley
39%
1976 Suns Alvan Adams
39%
2008 Wizards Antawn Jamison
39%
1989 Jazz Mark Eaton
39%
1992 Bullets Michael Adams
39%
1998 Kings Mitch Richmond
39%
1974 Warriors Nate Thurmond
39%
1994 Bulls B.J. Armstrong
38%
1989 SuperSonics Dale Ellis
38%
1962 Nationals Dolph Schayes
38%
1986 Bucks Sidney Moncrief
38%
1982 Pistons Bob Lanier
37%
2009 Pacers Danny Granger
37%
2001 Warriors, Knicks Latrell Sprewell
37%
2003 Nets, Suns Stephon Marbury
37%
1988 Celtics Danny Ainge
36%
1976 Pistons, Bullets Dave Bing
36%
1970 Nationals, 76ers Hal Greer
36%
2009 Magic Jameer Nelson
36%
1987 Rockets Ralph Sampson
36%
2004 Rockets Steve Francis
36%
1997 Pacers, SuperSonics Detlef Schrempf
35%
1977 Bullets, Knicks Earl Monroe
35%
1994 Nets Kenny Anderson
35%
1993 Cavaliers Brad Daugherty
34%
1974 Pistons, Knicks Dave DeBusschere
34%
1963 Nationals Red Kerr
34%
1990 Mavericks Rolando Blackman
34%
2002 Hawks Shareef Abdur-Rahim
34%
1990 Nuggets Fat Lever
33%
1985 Knicks, Nets Michael Ray Richardson
33%
1998 Lakers Nick Van Exel
33%
1991 Supersonics, Suns Tom Chambers
33%
1980 Clippers World B. Free
33%
1973 Knicks Bill Bradley
32%
1994 Knicks Charles Oakley
32%
1975 Suns, Lakers Gail Goodrich
32%
1998 Pacers Rik Smits
32%
2001 Knicks Allan Houston
31%
2010 Clippers Chris Kaman
31%
2001 Pistons Jerry Stackhouse
31%
1993 Suns, Cavaliers Larry Nance
31%
1988 76ers Maurice Cheeks
31%
2002 Timberwolves Wally Szczerbiak
30%
1988 Hawks Doc Rivers
29%
1985 SuperSonics Jack Sikma
29%
1971 Royals, Warriors Jerry Lucas
29%
1983 Trail Blazers, Suns Maurice Lucas
29%
2001 Mavericks Michael Finley
29%
1970 Hawks Bill Bridges
28%
1979 Rockets Calvin Murphy
28%
1960 Celtics Bill Sharman
27%
1975 Suns Charlie Scott
27%
1992 Suns Jeff Hornacek
27%
1977 Nuggets Dan Issel
26%
2003 Hornets Jamal Mashburn
26%
1994 Nets Derrick Coleman
25%
1955 Royals Jack Coleman
25%
1983 Warriors, Lakers Jamaal Wilkes
25%
1992 Hawks Kevin Willis
25%
1965 Packers, Zephyrs, Bullets Walt Bellamy
24%
2001 Heat Anthony Mason
23%
1995 Suns Dan Majerle
23%
1979 76ers Doug Collins
23%
1974 Hawks Lou Hudson
23%
2007 Jazz Mehmet Okur
23%
1996 Spurs Sean Elliott
23%
1975 SuperSonics Spencer Haywood
23%
1965 Celtics Tom Heinsohn
23%
1998 Bucks, SuperSonics Vin Baker
23%
1980 Knicks Bill Cartwright
22%
1984 Nuggets Kiki Vandeweghe
22%
1958 Warriors Neil Johnston
22%
1985 Lakers, Clippers Norm Nixon
22%
1992 Rockets Otis Thorpe
22%
1997 Hawks Christian Laettner
21%
1973 Suns Connie Hawkins
21%
1994 Clippers Danny Manning
21%
1991 76ers Hersey Hawkins
21%
1979 Rockets Rudy Tomjanovich
21%
1989 Bucks Terry Cummings
21%
1988 SuperSonics Xavier McDaniel
21%
2001 Pistons Antonio McDyess
20%
1979 Bucks, Bullets Bob Dandridge
20%
2004 Hornets Jamaal Magloire
19%
1969 Bulls Jerry Sloan
19%
1984 Trail Blazers Jim Paxson
19%
1981 Suns, SuperSonics Paul Westphal
19%
2001 76ers Theo Ratliff
19%
1995 Lakers Cedric Ceballos
18%
1979 76ers, Nuggets George McGinnis
18%
1987 Warriors Joe Barry Carroll
18%
1972 Lakers, 76ers, Bullets Archie Clark
17%
1984 Pistons Kelly Tripucka
17%
1994 Hawks Mookie Blaylock
17%
1983 Bulls Reggie Theus
17%
1963 Knicks Richie Guerin
17%
1987 Warriors Sleepy Floyd
17%
1997 Timberwolves Tom Gugliotta
17%
1962 Hawks Cliff Hagan
16%
1960 Pistons, Nationals George Yardley
16%
1963 Royals Jack Twyman
16%
1988 Mavericks James Donaldson
16%
1952 Warriors Joe Fulks
16%
1967 Pistons, Bullets, Celtics Bailey Howell
15%
1956 Hawks Bob Harrison
15%
1971 Warriors Jeff Mullins
15%
1980 Trail Blazers Kermit Washington
15%
1991 Trail Blazers Kevin Duckworth
15%
1984 Kings, Nets Otis Birdsong
15%
1997 Cavaliers Terrell Brandon
15%
1984 76ers Andrew Toney
14%
1968 Knicks Dick Barnett
14%
1971 Suns Dick Van Arsdale
14%
1975 Suns, Celtics Paul Silas
14%
1972 Royals Tom Van Arsdale
14%
1957 Lakers Vern Mikkelsen
14%
1954 Royals Bob Davies
13%
1977 Bulls Norm Van Lier
13%
1977 Pacers, Braves Billy Knight
12%
1995 76ers Dana Barros
12%
1967 Warriors, Bulls Guy Rodgers
12%
1957 Knicks Carl Braun
11%
1961 Lakers, Hawks Clyde Lovellette
11%
1957 Celtics, Hawks Ed Macauley
11%
1980 Hawks John Drew
11%
1959 Pistons, Lakers Larry Foust
11%
1997 Mavericks Chris Gatling
10%
1974 Trail Blazers Geoff Petrie
10%
1970 Hawks Joe Caldwell
10%
1958 Royals Maurice Stokes
10%
1977 Bullets Phil Chenier
10%
1975 Trail Blazers Sidney Wicks
10%
1955 Warriors, Pistons Andy Phillip
9%
1978 Bucks Brian Winters
9%
1985 Nuggets Calvin Natt
9%
1982 Hawks Dan Roundfield
9%
1977 Pacers Don Buse
9%
1966 Pistons Eddie Miles
9%
1985 Bullets Jeff Ruland
9%
1979 Spurs Larry Kenon
9%
1978 Trail Blazers Lionel Hollins
9%
1952 Knicks Max Zaslofsky
9%
1969 Lakers, Warriors Rudy LaRusso
9%
1968 Hawks Zelmo Beaty
9%
1959 Knicks, Pistons Dick McGuire
8%
1957 Knicks Harry Gallatin
8%
1973 Bullets, Rockets Jack Marin
8%
1955 Lakers Jim Pollard
8%
1969 Bucks Jon McGlocklin
8%
1964 Warriors, Knicks Tom Gola
8%
1955 Royals Arnie Risen
7%
1967 Pistons, Bullets Don Ohl
7%
1965 Nationals, 76ers Larry Costello
7%
1975 Kings Sam Lacey
7%
1975 76ers Steve Mix
7%
1965 Royals Wayne Embry
7%
1956 Royals Bobby Wanzer
6%
1970 SuperSonics Bob Rule
6%
1972 Cavaliers Butch Beard
6%
1967 Lakers Darrall Imhoff
6%
1957 Hawks, Pistons Mel Hutchins
6%
1951 Olympians Ralph Beard
6%
1954 Bullets Ray Felix
6%
1980 Kings Scott Wedman
6%
1965 Zephyrs, Bullets, Pistons Terry Dischinger
6%
1951 Olympians Alex Groza
5%
1973 Braves Bob Kauffman
5%
1960 Pistons Chuck Noble
5%
1969 Rockets Dan Kojis
5%
1960 Lakers, Knicks Dick Garmaker
5%
1952 Blackhawks, Hawks, Pistons Dwight Eddleman
5%
1952 Blackhawks, Pistons Frankie Brian
5%
1962 Bullets, Hawks, Lakers Frank Selvy
5%
1962 Pistons Gene Shue
5%
1961 Lakers Hot Rod Hundley
5%
1973 76ers, Kings John Block
5%
1953 Olympians Leo Barnhorst
5%
1982 SuperSonics Lonnie Shelton
5%
1963 Warriors Tom Meschery
5%
1951 Knicks Vince Boryla
5%
1968 SuperSonics Walt Hazzard
5%
1962 Knicks Willie Naulls
5%
1976 Pistons Curtis Rowe
4%
1953 Bullets Don Barksdale
4%
1954 Hawks Don Sunderlage
4%
1951 Pistons Fred Schaus
4%
1953 Bullets, Pistons Fred Scolari
4%
1954 Pistons Jack Molinas
4%
1959 Knicks Kenny Sears
4%
1964 76ers, Knicks Len Chappell
4%
1957 Knicks Nat Clifton
4%
1955 Nationals Paul Seymour
4%
1952 Olympians Paul Walther
4%
1952 Bullets, Nationals Red Rocha
4%
1961 Pistons Walter Dukes
4%
1959 Warriors Woody Sauldsberry
4%
1953 Warriors Bill Gabor
3%
1963 Nationals Lee Shaffer
3%
1957 Royals Richie Regan
3%
No matching quizzes found
Score Distribution
Percent of People with Each Score
Percentile by Number Answered
Your Score History
You have not taken this quiz since the last reset